000 00287nam a22001337a 4500
008 181031b xxu||||| |||| 00| 0 eng d
020 _a9781429216388
041 _aeng
080 _29th
_a159.9
100 _a48
101 _aPSI
245 _aPsychology
_cMyers,D.G
942 _2udc
_cBK
999 _c51320
_d51320